00401nam a2200157Ia 4500003000400000008004100004040001600045082001300061100002100074245004800095260004500143300000700188650002200195650001300217650001300230GCL140319s9999 xx 000 0 eng d aGCL / cGCL04a616bD A1 aDIXON, J MICHAEL10aABC OF BREAST DISEASES / cDIXON, J MICHAEL a[S.N] : bBMJ PUBLISHING GROUP ، c1995 a7404aBREAST - DISEASES04aDISEASES04aMEDICINE